[Event "Valera FVA 82nd Anniv"]
[Site "Valera"]
[Date "2017.12.13"]
[Round "1"]
[White "Contreras, Leslie"]
[Black "Guerrero Campo, Carlos Alberto"]
[Result "0-1"]
[WhiteElo "1296"]
[BlackElo "1882"]
[PlyCount "128"]
[EventDate "2017.12.13"]
[EventType "swiss"]
[EventRounds "7"]
[EventCountry "VEN"]
[SourceTitle "CBM 182 Extra"]
[Source "ChessBase"]
[SourceDate "2018.02.23"]
[SourceVersion "1"]
[SourceVersionDate "2018.02.23"]
[SourceQuality "1"]

1. e4 c5 2. Nf3 g6 3. d4 cxd4 4. Nxd4 Nc6 5. Nc3 Bg7 6. Be3 Nf6 7. Bc4 Qa5 8. Nb3 Qd8 9. f3 0-0 10. Qd2 a5 11. Na4 d5 12. Bxd5 Nxd5 13. Qxd5 Qxd5 14. exd5 Nb4 15. 0-0-0 Bf5 16. c3 Nxa2+ 17. Kd2 Rad8 18. Ra1 Rxd5+ 19. Ke2 Bc2 20. Nbc5 b5 21. Nb6 Rxc5 22. Bxc5 Bb3 23. Kf2 Rd8 24. Rhe1 e6 25. Be7 Re8 26. Bh4 b4 27. cxb4 Bd4+ 28. Kg3 Bxb6 29. bxa5 Bxa5 30. Re3 Bd5 31. Kh3 Bc7 32. Rd1 Rb8 33. Bf6 Nb4 34. Rc3 Bd6 35. Rdc1 Bb7 36. Rc4 Nd5 37. Bh4 Nf4+ 38. Kg4 h5+ 39. Kg5 Nd5 40. Bg3 Be7+ 41. Kh6 Ne3 42. Rf4 Rc8 43. Ra1 Nf5+ 44. Rxf5 exf5 45. Ra7 Bf8+ 46. Kg5 Bd5 47. Ra5 Be6 48. Be5 Be7+ 49. Kf4 f6 50. Bc3 Bd6+ 51. Ke3 Kf7 52. Ra7+ Rc7 53. Rxc7+ Bxc7 54. h3 Be5 55. Kd2 Bxc3+ 56. Kxc3 f4 57. Kd2 Bc4 58. Ke1 Ke6 59. Kf2 Ke5 60. b4 Kd4 61. h4 Kc3 62. g4 Kxb4 63. gxh5 gxh5 64. Ke1 Kc3 0-1